Reynolds's reinforced concrete designers handbook / (Record no. 8395)

MARC details
000 -LEADER
fixed length control field 01140nac a22002651u 4500
010 ## - LIBRARY OF CONGRESS CONTROL NUMBER
LC control number 2006022625
020 ## - INTERNATIONAL STANDARD BOOK NUMBER
International Standard Book Number 0419258205 (hardback : alk. paper)
020 ## - INTERNATIONAL STANDARD BOOK NUMBER
International Standard Book Number 0419258302 (pbk. : alk. paper)
082 00 - DEWEY DECIMAL CLASSIFICATION NUMBER
Classification number 624.18341
Item number REY
090 ## - LOCALLY ASSIGNED LC-TYPE CALL NUMBER (OCLC); LOCAL CALL NUMBER (OCLC)
-- 8395
-- 8395
100 ## - MAIN ENTRY--PERSONAL NAME
Personal name Reynolds, Charles E.
245 10 - TITLE STATEMENT
Title Reynolds's reinforced concrete designers handbook /
Statement of responsibility, etc Charles E. Reynolds, James C. Steedman, and Anthony J. Threlfall.
250 ## - EDITION STATEMENT
Edition statement 11th ed.
260 ## - PUBLICATION, DISTRIBUTION, ETC. (IMPRINT)
Place of publication, distribution, etc New York, NY :
Name of publisher, distributor, etc Taylor & Francis,2007
Date of publication, distribution, etc 2007.
300 ## - PHYSICAL DESCRIPTION
Extent 401p.:
Other physical details ill.;
Dimensions 29 cm.
500 ## - GENERAL NOTE
General note Rev. ed. of: Reinforced concrete designer's handbook / Charles E. Reynolds and James C. Steedman. 1988.
504 ## - BIBLIOGRAPHY, ETC. NOTE
Bibliography, etc Includes bibliographical references and index.
511 ## - PARTICIPANT OR PERFORMER NOTE
Participant or performer note catalogued by: wessam
650 #0 - SUBJECT ADDED ENTRY--TOPICAL TERM
Topical term or geographic name as entry element Reinforced concrete construction
General subdivision Handbooks, manuals, etc.
700 1# - ADDED ENTRY--PERSONAL NAME
Personal name Steedman, James C.
Fuller form of name (James Cyril)
700 1# - ADDED ENTRY--PERSONAL NAME
Personal name Threlfall, A. J.
700 1# - ADDED ENTRY--PERSONAL NAME
Personal name Reynolds, Charles E.
Fuller form of name (Charles Edward).
856 41 - ELECTRONIC LOCATION AND ACCESS
Materials specified Table of contents only
Uniform Resource Identifier <a href="http://www.loc.gov/catdir/toc/ecip0617/2006022625.html">http://www.loc.gov/catdir/toc/ecip0617/2006022625.html</a>
942 ## - ADDED ENTRY ELEMENTS (KOHA)
Item type Book - Borrowing
Call number prefix 624.18341REY
Holdings
Withdrawn status Item status Damaged status Not for loan Home library Current library Shelving location Date acquired Source of acquisition Total Checkouts Total Renewals Full call number Barcode Date last seen Date last borrowed Koha item type
        Central Library Central Library First floor 06/03/2008 Purchase 1 3 624.18341REY 000009871 15/07/2025 16/02/2014 Book - Borrowing